Statistiques concernant Quiz Stade de Reims

Cliquez ici pour prendre le quiz!

Statistiques générales

  • Ce quiz a été pris 45 fois
  • Le résultat moyen est 10 sur 20

Statistiques - réponses

QuestionRéponse% Correct
Lequel de ces joueurs a été formés au stade de Reims :Robert Pirès
84%
En quelle année a été fondé le Stade de Reims :1931
73%
Lequel de ces présidents a fait le plus long mandat :Jean-Pierre Caillot
73%
Combien de coupe de France le stade de Reims a t il remporté ?2
70%
En dehors des compétitions jouées pendant l'occupation, combien de titres de champion de France a remporté le Stade de Reims ?6
68%
En quelles années le Stade de Reims a t il réussi à aller en finale de Ligue des Champions face au Réal Madrid ?1955-1956 et 1958-1959
62%
Lequel de ces entraineurs est resté le plus longtemps à son poste au club :Albert Batteux
62%
Qui était Auguste Delaune qui a donné son nom au stade :un ancien resistant
62%
De combien est la plus longue série de matchs sans défaite pour le Stade de Reims, record établi lors de la saison 2022 - 2023 :19 matchs
59%
En 1974, l'attaquant argentin Carlos Bianchi fait quelque chose d'exceptionnel, mais quoi ?Il marque 6 buts lors d'un même match face au PSG
57%
Lequel de ces anciens joueurs de l'équipe de France est venu entrainé le Stade de Reims ?Fernandez
49%
Pendant combien de temps le Stade de Reims est-il resté en dehors de la Ligue 1 avant son retour en 2012-2013 ?33 ans
43%
Qu'est il arrivé à Francis Méano, grand espoir du football français et joueurs du stade de Reims dans les années 50 ?Il décède dans un accident de voiture avec sa famille
38%
Lors de la saison 2017-2018 le Stade de Reims bat 2 records accompagnant leur montés en Ligue 1, lesquels ?record de points et de victoires
38%
En 1987 lors de la demi finale de la coupe de France, le Stade de Reims accueil L'Olympique de Marseille à domicile avec une affluence record, de combien était elle ?27774
35%
En quelle année le stade de Reims a t il perdu son statu de professionnel :1991
32%
Lequel de ces joueurs Remois a été le plus sélectionné en équipe de France :Robert Jonquet
30%
De combien était le transfert de Raymond Kopa vers le Réal Madrid ?52 millions d'anciens francs
27%
A l'heure actuelle (janvier 2024) quel est le dernier joueur titulaire encore en vie à avoir joué une finale de ligue des champions avec le Stade de Reims :Siatka
16%
Lequel de ces joueurs était titualaire lors de la première finale de la Ligue des Champions de l'histoire face au Réal Madrid :Hidalgo
14%

Distribution des résultats

Percentile par nombre de réponses

% des personnes avec chaque résultat

Votre développement - résultats

Vous n’avez pas pris ce quiz